Una expedición por las nubes /

Guardado en:
Autor Principal: Garcia Bazterra, Lilia.
Formato: Libro
Idioma:Undetermined
Publicado: Buenos Aires : Distribuidora Alberto Luongo, 2014.
Series:Colección Mitad del mundo
Materias:
Etiquetas: Agregar Etiqueta
Sin Etiquetas, Sea el primero en etiquetar este registro!
LEADER 00541nam a22001575a 4500
001 CEM.cems019585
008 220926s2014####ag############000#0#und#d
005 20221027101606.0
245 1 0 |a Una expedición por las nubes /  |c Lilia García Bazterra. 
260 |a Buenos Aires :  |b Distribuidora Alberto Luongo,  |c 2014. 
300 |a 96 p. ;  |c 14 cm. 
490 1 |a Colección Mitad del mundo 
020 |a 9789872903626 
100 1 |a Garcia Bazterra, Lilia. 
653 |a Literatura Infantil 
859 |a CEMS  |b BIB. CEMS - Inicial y Primaria  |h A863.4  |i G165  |k IP  |p 5377  |t Ej.1